| 000 | 00954nam a2200253Ia 4500 | ||
|---|---|---|---|
| 003 | OSt | ||
| 005 | 20220923212757.0 | ||
| 006 | a|||||r|||| 00| 0 | ||
| 007 | ta | ||
| 008 | 220922b |||||||| |||| 00| 0 hin d | ||
| 024 | _a155,740 | ||
| 037 | _cTextual | ||
| 040 |
_aARTS _cARTS _bhin |
||
| 041 |
_2hin _ahin |
||
| 082 | _aO1520m33,1(/\25):g, J9 | ||
| 100 |
_aहिरण्मय _9156280 |
||
| 245 | 0 | _aहिन्दी और कन्नड़ में भक्ति आन्दोलन का तुलनात्मक अध्ययन | |
| 246 | _aHindī aur kannaड़ mean bhakti āndolan kā tulanātmak adhyayana | ||
| 260 |
_aआगरा _b विनोद पुस्तक मन्दिर _c1959 |
||
| 300 |
_a390 पृ. _ccm. |
||
| 650 |
_aहिन्दी साहित्य _9156264 |
||
| 942 |
_hO1520m33,1(/\25):g, J9 _cTEXL _2CC |
||
| 999 |
_c311208 _d311208 |
||